The science of database management / (Record no. 7255)
[ view plain ]
| 000 -LEADER | |
|---|---|
| fixed length control field | 01428cam a2200169 a 4500 |
| 020 ## - INTERNATIONAL STANDARD BOOK NUMBER | |
| ISBN | 0256134383 (recycled paper) |
| 020 ## - INTERNATIONAL STANDARD BOOK NUMBER | |
| ISBN | 0256158819 (international ed. : recycled paper) |
| 050 00 - CALL NUMBER | |
| Classification number | QA76.9.D3 |
| Item number | .H474 |
| 100 1# - AUTHOR | |
| Personal name | Helman, Paul. |
| 245 14 - TITLE | |
| Title | The science of database management / |
| Statement of responsibility, etc | Paul Helman. |
| 260 ## - PUBLICATION INFORMATION | |
| Place of publication | Burr Ridge, Ill. : |
| Name of publisher | Irwin, |
| Year of publication | c1994. |
| 300 ## - DESCRIPTION | |
| Number of Pages | xxi, 598 p. : |
| Other physical details | ill. ; |
| Dimensions | 24 cm. |
| 500 ## - NOTES | |
| General note | Includes index |
| 505 ## - FORMATTED CONTENTS NOTE | |
| Table of Content | [1] Definition of the relational data model abstract data type. Introduction --<br/>Search table and relational data model fundamentals --<br/>Nonprocedural query languages. [2] Design of the relational data model abstract data type. Data models and data modeling --<br/>Semantic design and normalization for the relational data model --<br/>Dependencies and normalization: a further study. [3] Implementations of the relational data model abstract data type --<br/>the structures. The External environment --<br/>File structures for an external search table --<br/>Designing a relational data model's physical schema. [4] Implementations of the relational data model abstract data type --<br/>the algorithms. Transaction management and database security --<br/>Query optimization, part I: implementing the relational operators --<br/>Query optimization, part II: the search problem --<br/>Query optimization, part III: query processing in the leading-edge data models. |
| 650 #0 - SUBJECTS | |
| Topical Term | Database management. |
| 942 ## - ADDED ENTRY ELEMENTS (KOHA) | |
| Koha item type | Books |
| Withdrawn status | Lost status | Home library | Current library | Shelving location | Date acquired | Full call number | Accession Number | Koha item type |
|---|---|---|---|---|---|---|---|---|
| Methodist University Library Main | Methodist University Library Main | General Stacks | 17/02/2020 | QA76.9.D3 .H474 | 16018 | Books |